[Event "TUR Cup"]
[Site "Ankara"]
[Date "2021.12.12"]
[Round "8"]
[White "Kaynak, Deniz Can"]
[Black "Ozturk, Emre"]
[Result "0-1"]
[WhiteElo "1588"]
[BlackElo "1747"]
[PlyCount "164"]
[EventDate "2021.12.08"]
[EventType "swiss"]
[EventRounds "9"]
[EventCountry "TUR"]
[SourceTitle "CBM 205 Extra"]
[Source "ChessBase"]
[SourceDate "2022.01.31"]
[SourceVersion "1"]
[SourceVersionDate "2022.01.31"]
[SourceQuality "1"]

1. e4 d6 2. d4 Nf6 3. Nc3 g6 4. Bg5 Bg7 5. e5 dxe5 6. dxe5 Qxd1+ 7. Rxd1 Nfd7 8. e6 fxe6 9. Bc4 Nb6 10. Bb3 c5 11. a4 c4 12. Ba2 Nc6 13. Nge2 Bd7 14. 0-0 Bf6 15. Be3 Na5 16. Bxb6 axb6 17. Rfe1 0-0-0 18. b4 cxb3 19. cxb3 Nc6 20. Rc1 Kb8 21. Nf4 g5 22. Nd3 Bc8 23. Red1 Nd4 24. Kf1 e5 25. b4 Bf5 26. f3 Nxf3 27. gxf3 Bxd3+ 28. Kf2 g4 29. fxg4 e4 30. Bb1 Bd4+ 31. Kg2 Be3 32. Bxd3 Bxc1 33. Bxe4 Rxd1 34. Nxd1 h6 35. Nc3 Rd8 36. Nd5 e6 37. Nxb6 Rd4 38. Bf3 Rxb4 39. Nd7+ Kc7 40. Nc5 e5 41. Nd3 Rc4 42. Nxe5 Rxa4 43. Nd3 Be3 44. h4 b5 45. Be2 Kb6 46. Kf3 Bd2 47. Bf1 b4 48. Nb2 Ra2 49. Nc4+ Kc5 50. Ke4 Bc3 51. Bd3 Rg2 52. Ne3 Rg1 53. Bc2 Bd4 54. Nf5 Rxg4+ 55. Kf3 Rg8 56. Nxh6 Rf8+ 57. Nf5 b3 58. Bb1 Bf6 59. h5 Kb4 60. h6 b2 61. h7 Rc8 62. Ne3 Kb3 63. Bf5 Rc1 64. Be6+ Ka3 65. Nd5 b1Q 66. Nxf6 Qd3+ 67. Kf4 Rf1+ 68. Kg5 Qe3+ 69. Kg6 Rg1+ 70. Kf7 Qa7+ 71. Bd7 Rh1 72. Kg8 Qd4 73. Bc6 Qd8+ 74. Ne8 Qg5+ 75. Ng7 Qd8+ 76. Be8 Rh2 77. Kh8 Qe7 78. Kg8 Rf2 79. h8Q Rf8+ 80. Kh7 Qe4+ 81. Nf5 Qxf5+ 82. Bg6 Qh3+ 0-1